书目信息 |
| 题名: |
工程测量
|
|
| 作者: | 朱爱民 主编 | |
| 分册: | ||
| 出版信息: | 北京 人民交通出版社 2007.08 |
|
| 页数: | 267页 | |
| 开本: | 26cm | |
| 丛书名: | ||
| 单 册: | ||
| 中图分类: | TB22 | |
| 科图分类: | ||
| 主题词: | 工程测量--gong cheng ce liang--高等学校--教材 | |
| 电子资源: | ||
| ISBN: | 978-7-114-06471-5 | |
| 000 | 01031nam0 2200253 450 | |
| 001 | 012007974860 | |
| 005 | 20071109132023.68 | |
| 010 | @a978-7-114-06471-5@dCNY30.00 | |
| 100 | @a20071109d2007 km y0chiy0120 ea | |
| 101 | 0 | @achi |
| 102 | @aCN@b110000 | |
| 105 | @aa a 000yy | |
| 106 | @ar | |
| 200 | 1 | @a工程测量@Agong cheng ce liang@f朱爱民主编@Fzhu ai min zhu bian |
| 210 | @a北京@c人民交通出版社@d2007.08 | |
| 215 | @a267页@c图@d26cm | |
| 300 | @a高等学校应用型本科规划教材 | |
| 320 | @a有书目 (第267页)。 | |
| 330 | @a全书共分13章,第一章至第五章介绍测量基本知识、测量仪器的使用技术;第六章介绍测量误差知识;第七章介绍控制测量知识;第八章、第九章介绍大比例尺地形图的测绘方法和应用}第十章至第十三章介绍工程测设放样、道路工程、桥梁和隧道工程测量知识;第十四章分别介绍全球定位系统(GPS)、地理信息系统(GIS)和航测遥感等测绘新技术。 | |
| 606 | 0 | @a工程测量@Agong cheng ce liang@x高等学校@j教材 |
| 690 | @aTB22@v4 | |
| 701 | 0 | @a朱爱民@Azhu ai min@4主编 |
| 801 | 0 | @aCN@b@c20071109 |
| 905 | @b267674-76@dTB22@eZ834@f3 | |
| 工程测量/朱爱民主编.-北京:人民交通出版社,2007.08 |
| 267页:图;26cm |
| 高等学校应用型本科规划教材 |
| ISBN 978-7-114-06471-5:CNY30.00 |
| 全书共分13章,第一章至第五章介绍测量基本知识、测量仪器的使用技术;第六章介绍测量误差知识;第七章介绍控制测量知识;第八章、第九章介绍大比例尺地形图的测绘方法和应用}第十章至第十三章介绍工程测设放样、道路工程、桥梁和隧道工程测量知识;第十四章分别介绍全球定位系统(GPS)、地理信息系统(GIS)和航测遥感等测绘新技术。 |
| ● |
| 相关链接 |
|
|
|
正题名:工程测量
索取号:TB22/Z834
 
预约/预借
| 序号 | 登录号 | 条形码 | 馆藏地/架位号 | 状态 | 备注 |
| 1 | 267674 | 202676746 | 自科库501/501自科库 5排3列4层/ [索取号:TB22/Z834] | 在馆 | |
| 2 | 267675 | 202676755 | 自科库501/501自科库 5排3列4层/ [索取号:TB22/Z834] | 在馆 | |
| 3 | 267676 | 202676764 | 自科库501/501自科库 5排3列4层/ [索取号:TB22/Z834] | 在馆 |